000 00218 a2200097 4500
001 19780
100 _aReif, F
245 _aFundamentals of statical & thermal phy
260 _a
_bMcGraw-Hill
_c
090 _c14405
_d14405
942 _aNUST-CAE
_cM
_c4898
999 _c254853
_d254853